000 00483nam a22002057a 4500
003 OSt
008 240412b |||||||| |||| 00| 0 eng d
020 _a9789346062665
082 _a658.8 KOM
100 _aKOTLER,Philip
245 _aMarketing Management
250 _a16th Ed
260 _aNew Delhi
_bPearson
_c2023
300 _a596
700 _aKELLER,Kevin Lane
700 _aCHERNEV,Alexander
700 _aSHETH,Jagdish N
700 _aSHAINESH,G
942 _2ddc
_cBK
999 _c12467
_d12467